00390nam a2200181Ia 4500008004000000041000800040082001200048100001100060245003000071260004200101650000700143650000900150650000900159650000800168650000800176650000900184700001500193210210b1963 xxu||||| |||| 00| 0 eng d aeng a822/879 aMUNSHI aHow god came into my life aBombaybBharathiya Vidya Bhawanc1963 amy alife ainto aHow agod acame aDIWAKAR Ed